| 000 | 01305cad a22002055a 4500 | ||
|---|---|---|---|
| 001 | L155090 | ||
| 008 | 120228s2012 xxk f 000 0 eng d | ||
| 035 | _a(Sirsi) u155090 | ||
| 041 | 0 | _aeng | |
| 110 | 2 |
_aUnited Kingdom _bDepartment for Communities and Local Government _94939 |
|
| 245 | 0 | 0 |
_aCode for Sustainable Homes and Energy Performance of Buildings _bCumulative and Quarterly Data for England, Wales and Northern Ireland up to end of December 2011 _h[electronic resource] |
| 260 |
_aLondon _bDCLG _c2012 |
||
| 520 | _aStatistics in this release relating to the Code for Sustainable Homes show the number of dwellings that have been certified to the standards set out in the Code Technical Guide. Key points from the release include that there were 52 486 post construction stage certificates and 98 865 design stage certificates issued up to 31 December 2011 and 16 per cent of homes with post construction certificates and 26 per cent of those with design stage certificates have been built for the private sector. | ||
| 590 | _aKA | ||
| 651 | 4 | _aENGLAND AND WALES | |
| 651 | 4 |
_aNorthern Ireland _y2007- |
|
| 690 |
_aSustainability _96271 |
||
| 856 | 4 | 0 |
_uhttps://www.communities.gov.uk/documents/statistics/pdf/2092922.pdf _zView the item free of charge at www.communities.gov.uk |
| 942 | _n0 | ||
| 999 |
_c113316 _d113316 |
||